000
00333 a2200157 4500
001
157295
020
_a
9788508161454
040
_c
Escola São Tomás de Aquino
100
_a
PAES, José Paulo
240
1
0
_a
Poesias
_l
por
245
1
0
_a
Poesias
300
_a
61
362
0
_a
2012
697
_a
*LITERATURA JUVENIL
942
_c
BK
999
_c
157295
_d
157295